Name That Molecular Compound - Statistics

General Stats
  • This quiz has been taken 56 times
  • The average score is 5 of 10
Answer Stats
Formula Name % Correct
H₂O Water
98%
CO₂ Carbon Dioxide
96%
NH₃ Ammonia
73%
O₃ Ozone
71%
H₂O₂ Hydrogen Peroxide
61%
XeF₆ Xenon Hexafluoride
43%
HF Hydrofluoric acid
39%
HNO₂ Nitrous Acid
33%
ClOH Hypochlorous Acid
18%
CrO₂Cl₂ Chromyl Chloride
10%
No matching quizzes found
Score Distribution
Percent of People with Each Score
Percentile by Number Answered
Your Score History
You have not taken this quiz